01665nam a22003257a 450000500170000000800410001702000180005804000250007604100080010104400070010908200160011610000340013224500550016624601630022126000540038430000570043850400560049550503080055165000360085965000440089565100310093965100160097065100200098665100240100670000280103071000670105894200150112599900150114095201840115520200104041633.0150305b2014 ck ||||| ||||o00| 0 spa d a9789589934388 aCo-BoIAvHcCo-BoIAvH aspa ack04a633.7bR62c1 aRoa Castañeda, José James10aCoca: bdeforestación, contaminación y pobreza aCoca: deforestación, contaminación y pobreza´:bacercamiento a la actividad económica y la problemática ambiental de los cultivos de coca en Colombia aBogotá:bPolicía Nacional de Colombia,c2014. a212 p.bfotografías a color, tablas, mapasc24 cm. aIncluye referencias bibliográficas (pag. 206-212) aAntecedentes de los cultivos ilícitos en Colombia. Coca: plantas y variedades. Actividad agronómica. Dinámica y situación actual de los cultivos de coca. Impacto ambiental ocasionado por los cultivos de coca. Siembra y producción. Impacto socioeconómico y cultural de la actividad cocalera. 4aPlantas alcaloidesxagricultura 4aCultivo de plantas alcaloideszColombia aCocayaspectos ambientales aAgricultura aDeforestación aCultivos ilícitos1 aNuñez Dueñas, James1 aPolicía Nacional de Colombia. bDirección Antinarcóticos 2ddccLIBRO c9080d9080 00102ddc40708GENERALIINV2017aBogotabBogotad2015-03-05eInstitutog39000.00l1oLB-633.7 R62cp038952r2019-02-13 00:00:00s2019-02-13tEj. 1w2015-03-05xDonaciónyLIBRO